Philosophy: The World's Greatest Thinkers (Record no. 23045)

MARC details
000 -LEADER
fixed length control field 00333nam a22001337a 4500
020 ## - INTERNATIONAL STANDARD BOOK NUMBER
ISBN 9781848378506
082 ## - DEWEY DECIMAL CLASSIFICATION NUMBER
Classification number 109.2 STO
100 ## - MAIN ENTRY--AUTHOR NAME
Author name Stokes, Philip
245 ## - TITLE STATEMENT
Title Philosophy: The World's Greatest Thinkers
260 ## - PUBLICATION, DISTRIBUTION, ETC. (IMPRINT)
Place of publication London
Name of publisher Arcturus Publishing Limited
Year of publication 2011
300 ## - PHYSICAL DESCRIPTION
Number of Pages 256
650 ## - SUBJECT ADDED ENTRY--TOPICAL TERM
Topical Term Philosophy-Thinkers
942 ## - ADDED ENTRY ELEMENTS (KOHA)
Koha item type Books
Holdings
Collection code Home library Current library Shelving location Date acquired Source of acquisition Cost, normal purchase price Full call number Accession Number Koha item type
Non-fiction Henry Martyn Institute Library Henry Martyn Institute Library General stacks 09/15/2020 Dasgupta Publishers, Kolkata 395.00 109.2 STO 25731 Books
                   Copyright © 2026 | Henry Martyn Institute | Hyderabad | TS-500052 | INDIA | Implemented by hmi.edu.in
Hit-Count:

Powered by Koha